Reformar el govern local a Dinamarca : com i per què? / Poul Erik Mouritzen com i per què? / Poul Erik Mouritzen
ISBN:
978-84-9803-227-7
Publicado:
Barcelona :
Diputació de Barcelona. Direcció d'Estudis de la Presidència. Centre per a la Innovació Local ,
2007
Descripción Física:
40 p. ; 24 cm
Colección:
Estudis. Govern Local ; 2
MARC
| LEADER | 00000nam a2200000Ia 4500 | ||
|---|---|---|---|
| 001 | 22350 | ||
| 003 | BGR | ||
| 005 | 20260324175819.0 | ||
| 008 | 160829s2007 xx 000 0 cat d | ||
| 020 | |a 978-84-9803-227-7 | ||
| 080 | |a FU-54-40 | ||
| 100 | |a Mouritzen, Poul Erik |9 1549 | ||
| 245 | |a Reformar el govern local a Dinamarca : |b com i per què? / Poul Erik Mouritzen | ||
| 260 | |a Barcelona : |b Diputació de Barcelona. Direcció d'Estudis de la Presidència. Centre per a la Innovació Local, |c 2007 | ||
| 300 | |a 40 p. ; |c 24 cm | ||
| 490 | |a Estudis. Govern Local ; 2 | ||
| 590 | |a Bibliografia | ||
| 650 | |a Administració local |x Dinamarca |9 42187 | ||
| 650 | 0 | |a Municipis |x Govern i administració |9 22275 | |
| 710 | 2 | |a Centre per a la Innovació Local |9 54171 | |
| 710 | 1 | |a Barcelona (Catalunya : Província). |b Diputació |9 52408 | |
| 901 | |a Arxiu | ||
| 942 | |n 1 |2 udc |c MON | ||
| 952 | |0 0 |1 0 |4 0 |6 FU5440 |7 1 |9 50699 |a Arxiu |b Arxiu |d 2016-12-01 |l 0 |o FU-54-40 |p 22350 |r 2016-12-01 00:00:00 |w 2016-12-01 |y ARXIU | ||
| 999 | |c 54541 |d 54541 | ||